00718nam a2200229 a 450000100060000000300080000600500170001400800410003103500190007204000390009104100130013008200240014324501090016726000430027630000250031949000320034450000180037665000160039465000260041070000200043683000320045646798BD-RjUL20211209054215.0160804s1950 enk 001 0 eng d a(BD-RjUL)46917 aERLcERLdOCLCQdZCUdBD-RjULbeng1 aenghheb 223a347.2bCOD 195004aThe Code of Maimonides :bbook nine the book of offerings /ctranslated from the Hebrew by Herbert Danby aLondon :bYale University Press,c1950 axv, 236 p. ;c22 cm.1 aYale Judaica series ;vv. 4 aInclude index 0aJewish law. 0aProperty (Jewish law)1 aDanby, Herbert  0aYale Judaica series ;vv. 4